000 01060nas a2200325 4500
001 BR0405457
003 BR-BrBNA
005 20231205104956.0
007 ta
008 230509b bl.|||p| |||| 00| 00por d
040 _aBR-BrBNA
_bpor
_cBiblioteca Nacional de Agricultura
041 _a(Pt)
072 _aF60; F06; U10
100 1 _aDelgado-Rojas, J.S.
100 1 _aNovaes, M.
100 1 _aLourenço, L.F.
100 1 _aCoelho, R.D.
245 1 _aEvapotranspiração máxima do capim "Tanzânia" (Panicum maximum J.)em pastejo rotacionado, baseada na evaporação do tanque "Classe A" e no índice de área foliar
650 _aCAPIM COLONIÃO
650 _aÁREA FOLIAR
650 _aBALANÇO HÍDRICO
650 _aIRRIGAÇÃO
650 _aEVAPOTRANSPIRAÇÃO
650 _aPASTEJO ROTATIVO
650 _aMODELO MATEMÁTICO
650 _aTENSIÔMETRO
773 0 _tEngenharia Agrícola (Brazil)
_xISSN 0100-6916
_g(Jan-Apr 2004), v. 24(1) p. 226-234
_wBR0405457
909 _a202311
_bLúcia
_c55
_dLúcia Elande
942 _2AGRIS
_n0
_cANA
999 _c180586
_d180586